01930nam a2200325 4500003000900000005001700009008004100026040004600067041000800113082002800121092000700149099003700156100005200193245032000245264007200565300002800637336002200665337002400687338003300711504006000744546011600804650004100920856005700961905000701018942001901025999001701044952018101061952018101242952018101423EG-GICUC20260121101212.0251111s2000 ua ||||fr|||| 00| 0 ara d a EG-GICUCbarac EG-GICUCd EG-GICUCerda0 aara04221a341.851bح ف . ر04221 aLaw1 12 341.851 ح ف . ر 20000 aحفيظة السيد الحدادeمؤلف.12aالرقابة القضائية على أحكام التحكيم بين الازدواجية والوحدة:bدراسة تحليلية وإنتقادية بمناسبة قضية الشركة الأمريكية كرومالوى ضد جمهورية مصر العربية/cحفيظة السيد الحداد. 1aالأسكندرية:bدار الفكر الجامعي،c2000 . a139 ؛صفحةc24 سم 2rda contentatext 2rda mediaaComputer 2rda carrieraOnline Resource aيحتوي على ارجاعات ببليوجرافية aالنص أغلبه باللغة العربية بعض النصوص الإنجليزية والفرنسية1 aالتحكيم - قانون دولي40uhttps://fll.law.cu.edu.eg/fulltext/bks/B12-01164.pdf a75 2ddcn0cBKe21 c42710d42710 00102ddc40718القانون الدولي الخاصaCUbLAW1d2025-11-11l0oLaw1 12 341.851 ح ف . ر 2000 1201164 C1pB12-01164r2025-11-11 16:35:24t1w2025-11-11yBK 00102ddc40708القانون الدولي الخاصaCUbLAW1d2025-11-11l0oLaw1 12 341.851 ح ف . ر 2000 1201165 C2pB12-01165r2025-11-11 16:35:53t2w2025-11-11yBK 00102ddc40708القانون الدولي الخاصaCUbLAW1d2025-11-17l0oLaw1 12 341.851 ح ف . ر 2000 1201405 C3pB12-01405r2025-11-17 10:32:44t3w2025-11-17yBK